Statistics for Country by their capitals flag

Click here to take the quiz!

General Stats

  • This quiz has been taken 7 times
  • The average score is 9 of 16

Answer Stats

Answer% Correct
Ireland
100%
Malaysia
83%
United Kingdom
83%
Australia
67%
France
67%
Germany
67%
Hungary
67%
Israel
67%
Portugal
67%
Russia
67%
Iran
50%
Brazil
33%
Switzerland
33%
Ukraine
33%
United States
33%
Finland
17%

Score Distribution

Percentile by Number Answered

Percent of People with Each Score

Your Score History

You have not taken this quiz